<?xml version="1.0" encoding="UTF-8"?>
<record
    xmlns:xsi="http://www.w3.org/2001/XMLSchema-instance"
    xsi:schemaLocation="http://www.loc.gov/MARC21/slim http://www.loc.gov/standards/marcxml/schema/MARC21slim.xsd"
    xmlns="http://www.loc.gov/MARC21/slim">

  <leader>00738nam a2200181Ia 4500</leader>
  <controlfield tag="008">100122s9999    xx            000 0 und d</controlfield>
  <datafield tag="082" ind1=" " ind2=" ">
    <subfield code="b">15894</subfield>
    <subfield code="a">923.254</subfield>
  </datafield>
  <datafield tag="100" ind1=" " ind2=" ">
    <subfield code="a">&#x932;&#x93F;&#x92E;&#x92F;&#x947; &#x905;&#x928;&#x902;&#x924; &#x939;&#x930;&#x940;</subfield>
  </datafield>
  <datafield tag="245" ind1=" " ind2=" ">
    <subfield code="a">&#x930;&#x93E;&#x937;&#x94D;&#x91F;&#x94D;&#x930;&#x92A;&#x924;&#x940; &#x917;&#x93F;&#x930;&#x940;- &#x905;&#x932;&#x94C;&#x915;&#x93F;&#x915; &#x917;&#x930;&#x941;&#x921;&#x91D;&#x947;&#x92A;</subfield>
  </datafield>
  <datafield tag="250" ind1=" " ind2=" ">
    <subfield code="a">0</subfield>
  </datafield>
  <datafield tag="260" ind1=" " ind2=" ">
    <subfield code="b">&#x935;&#x94D;&#x939;&#x940;&#x928;&#x938; &#x92A;&#x94D;&#x930;&#x915;&#x93E;&#x936;&#x928;</subfield>
    <subfield code="c">1969</subfield>
  </datafield>
  <datafield tag="300" ind1=" " ind2=" ">
    <subfield code="a">128</subfield>
  </datafield>
  <datafield tag="520" ind1=" " ind2=" ">
    <subfield code="a">&#x92E;&#x93E;&#x933;&#x92F;&#x93E;&#x935;&#x930;- &#x917;&#x920;&#x94D;&#x920;&#x93E;-1</subfield>
  </datafield>
  <datafield tag="620" ind1=" " ind2=" ">
    <subfield code="a">&#x92E;&#x93E;&#x933;&#x92F;&#x93E;&#x935;&#x930;- &#x917;&#x920;&#x94D;&#x920;&#x93E;-1</subfield>
  </datafield>
  <datafield tag="630" ind1=" " ind2=" ">
    <subfield code="a">&#x930;&#x93E;&#x937;&#x94D;&#x91F;&#x94D;&#x930;&#x92A;&#x924;&#x940; &#x917;&#x93F;&#x930;&#x940;- &#x905;&#x932;&#x94C;&#x915;&#x93F;&#x915; &#x917;&#x930;&#x941;&#x921;&#x91D;&#x947;&#x92A;</subfield>
  </datafield>
  <datafield tag="730" ind1=" " ind2=" ">
    <subfield code="a">&#x930;&#x93E;&#x937;&#x94D;&#x91F;&#x94D;&#x930;&#x92A;&#x924;&#x940; &#x917;&#x93F;&#x930;&#x940;- &#x905;&#x932;&#x94C;&#x915;&#x93F;&#x915; &#x917;&#x930;&#x941;&#x921;&#x91D;&#x947;&#x92A;</subfield>
  </datafield>
  <datafield tag="942" ind1=" " ind2=" ">
    <subfield code="c">BOOK</subfield>
  </datafield>
  <datafield tag="999" ind1=" " ind2=" ">
    <subfield code="c">406026</subfield>
    <subfield code="d">406023</subfield>
  </datafield>
  <datafield tag="952" ind1=" " ind2=" ">
    <subfield code="0">0</subfield>
    <subfield code="1">0</subfield>
    <subfield code="4">0</subfield>
    <subfield code="7">0</subfield>
    <subfield code="a">SVPPARLE</subfield>
    <subfield code="b">SVPPARLE</subfield>
    <subfield code="c">&#x917;&#x920;&#x94D;&#x920;&#x93E; 1</subfield>
    <subfield code="d">1969-09-17</subfield>
    <subfield code="g">5.00</subfield>
    <subfield code="l">0</subfield>
    <subfield code="o">15894</subfield>
    <subfield code="p">SVPPARLE-15894</subfield>
    <subfield code="r">2010-01-25 00:00:00</subfield>
    <subfield code="v">5.00</subfield>
    <subfield code="w">2010-01-25</subfield>
    <subfield code="y">BOOK</subfield>
    <subfield code="z">&#x917;&#x920;&#x94D;&#x920;&#x93E; 1 General NA</subfield>
  </datafield>
</record>
